00548nam a2200169Ia 4500003000900000008004100009040001600050080002500066110003300091245010800124260005000232300000900282500001900291650002900310650001800339650002100357IN-BaIIA211028s9999 xx 000 0 eng d cIIA Library a083.7:69.021.15bISI aIndian Standards Institution 0aIndian standard code of practice for structural of buildingsbfoundationscIndian Standards Institution aNew DelhibIndian Standards Institutionc1967 a26p. aIS 1904 : 1966 a Foundation Engineering a Standards  aNASA Thesaurus